Čislennoje modelirovanije metodom častic

Guardado en:
Detalles Bibliográficos
Formato: Libro
Lenguaje:ruso
Publicado: Moskva Mir 1987
Edición:1. izd.
Colección:Monografija
Etiquetas: Agregar Etiqueta
Sin Etiquetas, Sea el primero en etiquetar este registro!

MARC

LEADER 00000nam a2200000 4500
001 c034165
005 20260130130728.2
041 0 |a rus 
044 |a RU 
245 1 0 |a Čislennoje modelirovanije metodom častic  |c Roger W. Hockney, James W. Eastwood ; [Z nagl. prel.] A.S. Lipatov, A.N. Poljudov 
250 |a 1. izd. 
264 1 |a Moskva  |b Mir  |c 1987 
300 |a 638 s. 
490 1 |a Monografija 
830 0 |a Monografija